[Event "Rated Blitz game"]
[Site "?"]
[Date "2021.10.30"]
[Round "?"]
[White "Templario64"]
[Black "khalid_ontawar"]
[Result "1-0"]
[WhiteElo "2432"]
[BlackElo "2444"]
[PlyCount "63"]
[EventDate "2021.??.??"]
[EventType "blitz"]

1. e4 e5 2. Nf3 d5 3. Nxe5 Qe7 4. d4 dxe4 5. Bc4 Be6 6. Nc3 Bxc4 7. Nxc4 Nc6 8.
d5 O-O-O 9. Qg4+ f5 10. Qxf5+ Kb8 11. dxc6 bxc6 12. O-O Nf6 13. Na5 Rd6 14. Bf4
Re6 15. Rfe1 g6 16. Qh3 h5 17. Rad1 Bg7 18. Bg5 Re8 19. Qh4 Qc5 20. Nb3 Qf5 21.
Qf4 Ng4 22. Qxf5 gxf5 23. h3 Ne5 24. Nd4 Rg6 25. h4 Nc4 26. Nce2 c5 27. Nxf5
Nxb2 28. Rb1 Ka8 29. Nxg7 Rxg7 30. Rxb2 Rd7 31. Reb1 Rd2 32. Bxd2 {Normal} 1-0

[Event "Rated Blitz game"]
[Site "?"]
[Date "2021.10.30"]
[Round "?"]
[White "miguelsanchez65"]
[Black "RCompany_1"]
[Result "0-1"]
[WhiteElo "2473"]
[BlackElo "2426"]
[PlyCount "112"]
[EventDate "2021.??.??"]
[EventType "blitz"]

1. e4 e5 2. Nf3 d5 3. Nxe5 Bd6 4. d4 dxe4 5. Bc4 Bxe5 6. dxe5 Qxd1+ 7. Kxd1 Nc6
8. Bf4 Nge7 9. Nc3 Bf5 10. Re1 O-O-O+ 11. Kc1 Ng6 12. Bg3 Ngxe5 13. Bb3 Rhe8
14. Nxe4 Nd4 15. f3 Nxb3+ 16. axb3 a6 17. b4 Rd4 18. Nc5 f6 19. Bxe5 Rxe5 20.
Rxe5 fxe5 21. c3 Rd6 22. Ne4 Bxe4 23. fxe4 Rf6 24. Ra5 Rf2 25. Rxe5 Rxg2 26.
Re7 Kd8 27. Rf7 b5 28. b3 h5 29. h4 Rg4 30. e5 Rxh4 31. Rxg7 Re4 32. Rg5 h4 33.
Rh5 Ke7 34. Kd2 Ke6 35. Rh6+ Kxe5 36. Rxa6 Kf5 37. Rc6 Re7 38. Rc5+ Kg4 39.
Rxb5 h3 40. Rb8 Rh7 41. Rg8+ Kf3 42. Rg1 h2 43. Rb1 Kg2 44. Kd3 h1=Q 45. Rxh1
Rxh1 46. b5 Kf3 47. b4 Rh4 48. c4 Kf4 49. Kd4 Kf5+ 50. Kc5 Ke6 51. b6 cxb6+ 52.
Kxb6 Rxc4 53. b5 Kd6 54. Kb7 Rb4 55. b6 Kc5 56. Kc7 Rxb6 {Normal} 0-1

[Event "Rated Blitz tournament FX2wRp7H"]
[Site "?"]
[Date "2021.10.30"]
[Round "?"]
[White "nik418"]
[Black "Toledanomad"]
[Result "1-0"]
[WhiteElo "2460"]
[BlackElo "2419"]
[PlyCount "103"]
[EventDate "2021.??.??"]
[EventType "blitz"]

1. e4 e5 2. Nf3 d5 3. d3 dxe4 4. dxe4 Qxd1+ 5. Kxd1 Nc6 6. c3 f5 7. Bd3 Nf6 8.
Nbd2 f4 9. Kc2 Bc5 10. Nc4 Bd6 11. a4 Be6 12. Nxd6+ cxd6 13. h3 O-O-O 14. b3 d5
15. Re1 d4 16. Bb2 dxc3 17. Bxc3 Bxb3+ 18. Kxb3 Rxd3 19. Rad1 Rhd8 20. Rxd3
Rxd3 21. Kc2 Rd8 22. Nxe5 Nd4+ 23. Kb2 Rd6 24. Nc4 Rc6 25. Ne5 Rb6+ 26. Ka2 Nc6
27. Nc4 Ra6 28. Kb3 Nd7 29. a5 Nc5+ 30. Kc2 b5 31. Nd6+ Kb8 32. Nxb5 Nxa5 33.
Be5+ Kb7 34. Bd4 Kc6 35. Nc3 Nd7 36. Ra1 Nc5 37. Nd5 Ncb7 38. Nb4+ Kb5 39. Nxa6
Kxa6 40. Bc3 Kb5 41. Bxa5 Nxa5 42. e5 Nc4 43. Rxa7 Nxe5 44. Rxg7 f3 45. gxf3
Nxf3 46. Rxh7 Ne1+ 47. Kd2 Nf3+ 48. Ke3 Ng1 49. h4 Nh3 50. Rg7 Kc6 51. Rg3 Nxf2
52. Kxf2 {Normal} 1-0

[Event "Rated Blitz game"]
[Site "?"]
[Date "2021.10.30"]
[Round "?"]
[White "Sijavush"]
[Black "Benny_Watts_2005"]
[Result "0-1"]
[WhiteElo "2485"]
[BlackElo "2416"]
[PlyCount "110"]
[EventDate "2021.??.??"]
[EventType "blitz"]

1. e4 e5 2. Nf3 d5 3. exd5 e4 4. Qe2 Nf6 5. d3 Qxd5 6. dxe4 Qxe4 7. Nc3 Qxe2+
8. Bxe2 Bb4 9. Bd2 O-O 10. O-O-O c6 11. Rhe1 Bf5 12. Nd4 Bg6 13. Bf3 Nbd7 14.
Ne4 Bxd2+ 15. Rxd2 Rfe8 16. Nxf6+ Nxf6 17. Rde2 Rxe2 18. Rxe2 Re8 19. Rxe8+
Nxe8 20. Kd2 Kf8 21. c3 Ke7 22. a4 Nd6 23. a5 Nc4+ 24. Kc1 Nxa5 25. b4 Nc4 26.
b5 c5 27. Ne2 b6 28. Nf4 Ne5 29. Nxg6+ Nxg6 30. c4 Ne5 31. Bd5 Nd3+ 32. Kd2 Nf4
33. Be4 h6 34. g3 Ne6 35. Ke3 Nd4 36. f4 f5 37. Bd3 Kf6 38. h4 g6 39. Be2 Nxe2
40. Kxe2 h5 41. Kd3 Ke6 42. Kc3 Kd6 43. Kb3 Kc7 44. Ka3 Kb8 45. Kb3 Kb7 46. Ka3
a6 47. Kb3 axb5 48. cxb5 Kc7 49. Kc3 Kd7 50. Kd3 Ke6 51. Kc4 Kd6 52. Kc3 Kd5
53. Kd3 c4+ 54. Kc3 Kc5 55. g4 fxg4 {Normal} 0-1

[Event "Rated Blitz game"]
[Site "?"]
[Date "2021.10.30"]
[Round "?"]
[White "AardAxi"]
[Black "Fantastic_power06"]
[Result "1-0"]
[WhiteElo "2704"]
[BlackElo "2807"]
[PlyCount "117"]
[EventDate "2021.??.??"]
[EventType "blitz"]

1. e4 e5 2. Nf3 d5 3. d4 dxe4 4. Nxe5 Bd6 5. Nc4 Nc6 6. Nc3 Bf5 7. Be2 Nf6 8.
Bg5 h6 9. Bh4 Bf4 10. Ne3 Nxd4 11. Bxf6 Qxf6 12. Ned5 Qe5 13. Nxf4 O-O-O 14.
Qc1 e3 15. fxe3 Nxc2+ 16. Kf2 g5 17. Nh5 Rhe8 18. e4 Qd4+ 19. Kg3 Qe5+ 20. Kf2
Qc5+ 21. Kg3 Nxa1 22. exf5 Re3+ 23. Bf3 Qe5+ 24. Kf2 Red3 25. Qxa1 Rd2+ 26. Ne2
Qc5+ 27. Kg3 Qe5+ 28. Kh3 Qxf5+ 29. Bg4 Qxg4+ 30. Kxg4 Rxe2 31. Rf1 Rxg2+ 32.
Ng3 Rxh2 33. Qe1 Rh4+ 34. Kf5 b6 35. Kf6 Rhd4 36. Nf5 Rd2 37. Qe4 Kb8 38. Ne7
R2d6+ 39. Kxf7 R8d7 40. a4 a5 41. Re1 g4 42. Kg8 Rd8+ 43. Kh7 R8d7 44. Kh8 Rd8+
45. Ng8 R8d7 46. Qf4 h5 47. Re8+ Kb7 48. Qe4+ c6 49. Ne7 Rh6+ 50. Kg7 Rhd6 51.
Kf8 Rd8 52. Rxd8 Rxd8+ 53. Kf7 Rd7 54. Qxc6+ Ka6 55. Qxd7 g3 56. Qc6 Ka7 57.
Nd5 Kb8 58. Qc7+ Ka8 59. Nxb6# {Normal} 1-0

[Event "Rated Blitz game"]
[Site "?"]
[Date "2021.10.30"]
[Round "?"]
[White "Russian_doctor"]
[Black "alaeldin1212"]
[Result "1-0"]
[WhiteElo "2431"]
[BlackElo "2405"]
[PlyCount "81"]
[EventDate "2021.??.??"]
[EventType "blitz"]

1. e4 e5 2. Nf3 d5 3. Nxe5 Bd6 4. d4 dxe4 5. Nc4 Nf6 6. Nxd6+ Qxd6 7. Be2 h5 8.
c4 b6 9. Nc3 a6 10. h3 Nc6 11. Be3 Ne7 12. Qc2 Bb7 13. O-O-O Nf5 14. d5 Nxe3
15. fxe3 Qg3 16. Nxe4 Qxe3+ 17. Nd2 O-O-O 18. Rhe1 Rhe8 19. Kb1 Kb8 20. Nf3 Qf2
21. Bd3 Rxe1 22. Qxf2 Rxd1+ 23. Kc2 Rxd3 24. Kxd3 Ne4 25. Qd4 Nc5+ 26. Kc2 Bc8
27. g4 hxg4 28. hxg4 g6 29. Ne5 Re8 30. b4 Na4 31. Nc6+ Ka8 32. Kb3 Re2 33.
Kxa4 Kb7 34. Kb3 Rg2 35. Nd8+ Kb8 36. Nxf7 Rxg4 37. Qh8 Rg3+ 38. Kb2 Rg2+ 39.
Kc1 Kb7 40. d6 Bf5 41. Nd8+ {Time forfeit} 1-0

[Event "Rated Blitz game"]
[Site "?"]
[Date "2021.10.30"]
[Round "?"]
[White "Misi_95"]
[Black "dr_xStranger"]
[Result "1-0"]
[WhiteElo "2735"]
[BlackElo "2652"]
[PlyCount "131"]
[EventDate "2021.??.??"]
[EventType "blitz"]

1. e4 e5 2. Nf3 d5 3. d4 dxe4 4. Nxe5 Bd6 5. Bc4 Bxe5 6. Qh5 Qe7 7. Qxe5 Nf6 8.
Qxe7+ Kxe7 9. O-O Nc6 10. c3 h6 11. Re1 Re8 12. Bf4 Kf8 13. Bxc7 Bf5 14. Nd2
Rac8 15. Bd6+ Kg8 16. Bb3 Ng4 17. h3 e3 18. hxg4 exd2 19. Rxe8+ Rxe8 20. Rd1
Re1+ 21. Kh2 Rxd1 22. Bxd1 Bb1 23. Bf4 Bxa2 24. Bxd2 Kf8 25. f4 Na5 26. Kg3 Nc4
27. Bc1 Ke8 28. Kf3 Nd6 29. Kf2 Bd5 30. Bf3 Bxf3 31. gxf3 Kd7 32. b3 b5 33. f5
a5 34. Ke3 a4 35. bxa4 bxa4 36. Kd3 h5 37. gxh5 Nxf5 38. c4 Ng3 39. h6 gxh6 40.
Bxh6 a3 41. Bc1 a2 42. Bb2 Kc6 43. Kc3 Ne2+ 44. Kb3 Ng1 45. f4 Ne2 46. f5 Ng3
47. f6 Ne4 48. Kxa2 Nxf6 49. Kb3 Kd6 50. Kc2 Ke6 51. Kd3 Kd6 52. Bc1 Ke6 53.
Bg5 Nd7 54. Bf4 Kf5 55. Bh2 Nb6 56. d5 Kf6 57. Kd4 Ke7 58. c5 Nd7 59. c6 Nb6
60. Kc5 Nc8 61. d6+ Kd8 62. d7 Ne7 63. Kb6 Nd5+ 64. Kb7 f5 65. Bg3 Ne7 66. Bc7#
{Normal} 1-0

[Event "Rated Blitz tournament YFlUT7V1"]
[Site "?"]
[Date "2021.10.30"]
[Round "?"]
[White "AntonHul"]
[Black "Artem_0degov"]
[Result "1-0"]
[WhiteElo "2311"]
[BlackElo "2541"]
[PlyCount "145"]
[EventDate "2021.??.??"]
[EventType "blitz"]

1. e4 e5 2. Nf3 d5 3. exd5 e4 4. Nd4 Qxd5 5. Ne2 Nf6 6. Nbc3 Qe5 7. g3 h5 8. d4
exd3 9. Qxd3 Bf5 10. Qb5+ Qxb5 11. Nxb5 Na6 12. Nbd4 Bg6 13. Bg2 O-O-O 14. c3
Bc5 15. O-O Rhe8 16. Bg5 Bd3 17. Rfe1 c6 18. Rad1 Bg6 19. h4 Nc7 20. Nb3 Bd6
21. Nf4 Bf5 22. Rxe8 Rxe8 23. Rxd6 Re1+ 24. Bf1 Nce8 25. Rd4 c5 26. Nxc5 b6 27.
Ncd3 Rd1 28. Ne5 Re1 29. Nxf7 Ng4 30. Nd6+ Nxd6 31. Rxd6 Be4 32. Re6 Kd7 33.
Re7+ Kd6 34. Ng2 Rxf1+ 35. Kxf1 Bd3+ 36. Kg1 g6 37. Re3 Bf5 38. Bf4+ Kd7 39.
Re1 Nf6 40. Rd1+ Kc6 41. Ne3 Bg4 42. Rd2 Bc8 43. Rd4 Nd7 44. Rd6+ Kb7 45. Rxd7+
Bxd7 46. Nd5 Be8 47. Ne7 a5 48. Bg5 b5 49. a3 a4 50. Kf1 Kb6 51. Ke2 Kc5 52.
Kd3 Bc6 53. f3 Bd5 54. Nxg6 Bc4+ 55. Ke3 Bb3 56. f4 Bc4 57. Ne5 Bd5 58. Nd3+
Kc4 59. Ne5+ Kb3 60. Nd7 Kxb2 61. Nb6 Kxa3 62. Nxd5 Kb3 63. Nb4 Ka3 64. Bf6 Kb3
65. Bd4 Kc4 66. f5 Kb3 67. f6 a3 68. f7 Kb2 69. f8=Q Ka1 70. Qf1+ Kb2 71. Qe2+
Kb3 72. Qd1+ Kc4 73. Qd3+ {Time forfeit} 1-0

[Event "Rated Blitz game"]
[Site "?"]
[Date "2021.10.30"]
[Round "?"]
[White "AngelPerezQuinones"]
[Black "Annali-annaliew1979"]
[Result "0-1"]
[WhiteElo "2497"]
[BlackElo "2490"]
[PlyCount "64"]
[EventDate "2021.??.??"]
[EventType "blitz"]

1. e4 e5 2. Nf3 d5 3. exd5 e4 4. Ne5 Bd6 5. d4 Nf6 6. c4 b6 7. Nc3 h6 8. Qa4+
Bd7 9. Nxd7 Nbxd7 10. Be3 O-O 11. b4 a5 12. b5 Bb4 13. Qc2 Ng4 14. Be2 Nxe3 15.
fxe3 Qg5 16. Kf2 f5 17. g3 Nf6 18. Nd1 Ng4+ 19. Bxg4 fxg4+ 20. Kg2 Rf3 21. Qe2
Raf8 22. a3 Bd6 23. Ra2 h5 24. Qe1 R8f5 25. a4 Qf6 26. Rf2 h4 27. Rhf1 hxg3 28.
hxg3 Rxg3+ 29. Kh1 Rh3+ 30. Kg1 Qh4 31. Rxf5 Rh1+ 32. Kg2 Qh2# {Normal} 0-1

[Event "Rated Blitz tournament FXodmVtT"]
[Site "?"]
[Date "2021.10.30"]
[Round "?"]
[White "Zero_tolerance"]
[Black "KappaGolden"]
[Result "1-0"]
[WhiteElo "2535"]
[BlackElo "2274"]
[PlyCount "89"]
[EventDate "2021.??.??"]
[EventType "blitz"]

1. e4 e5 2. Nf3 d5 3. Nxe5 dxe4 4. Nc3 Bd6 5. Nc4 Nf6 6. Nxd6+ Qxd6 7. Bc4 O-O
8. O-O Bg4 9. Be2 Bf5 10. d4 Nc6 11. Be3 Rad8 12. Nb5 Qd7 13. c3 a6 14. Na3 Ng4
15. Bxg4 Bxg4 16. Qb3 Be6 17. Qc2 f5 18. g3 f4 19. Bxf4 Rxf4 20. gxf4 Bh3 21.
Qxe4 Qg4+ 22. Kh1 Rf8 23. Rg1 Qh4 24. Rae1 Qxf2 25. Qe3 Qh4 26. Qg3 Qh6 27. Re3
Bf5 28. Nc4 Rf6 29. Qg5 Be6 30. Qxh6 Rxh6 31. Rxe6 Rxe6 32. Ne5 Nxe5 33. fxe5
c5 34. Rf1 cxd4 35. cxd4 Re7 36. Kg2 g6 37. Rf6 Kg7 38. Kf3 Rd7 39. Ke4 Rc7 40.
Rb6 Rc2 41. Rxb7+ Kf8 42. e6 Re2+ 43. Kd5 Ke8 44. Kd6 Rd2 45. Rb8# {Normal} 1-0

[Event "Rated Blitz tournament vaURZw6X"]
[Site "?"]
[Date "2021.10.30"]
[Round "?"]
[White "raskolnikov001"]
[Black "dr_xStranger"]
[Result "0-1"]
[WhiteElo "2251"]
[BlackElo "2661"]
[PlyCount "102"]
[EventDate "2021.??.??"]
[EventType "blitz"]

1. e4 e5 2. Nf3 d5 3. d3 dxe4 4. dxe4 Qxd1+ 5. Kxd1 Nc6 6. Bb5 Bg4 7. Bxc6+
bxc6 8. Be3 O-O-O+ 9. Nbd2 f6 10. Ke2 Kb8 11. h3 Bh5 12. g4 Bf7 13. b3 Bb4 14.
a3 Bc3 15. Rad1 Ne7 16. Nb1 Ba5 17. c4 c5 18. Bxc5 Ng6 19. Be3 c6 20. Rxd8+
Rxd8 21. Rd1 Rxd1 22. Kxd1 Bb6 23. c5 Bxb3+ 24. Kd2 Ba5+ 25. Kc1 Kc7 26. Kb2
Bc4 27. Nc3 Bd3 28. Nd2 Nf8 29. Kb3 Ne6 30. Nc4 Bxc3 31. Kxc3 Bxe4 32. h4 Bf3
33. g5 Kd7 34. Nd2 Bd5 35. Kb4 Nc7 36. h5 fxg5 37. Bxg5 h6 38. Be3 Bf7 39. Nc4
Bxc4 40. Kxc4 Nd5 41. Bd2 Nf6 42. Bc3 Ke6 43. Kb4 Nd5+ 44. Kc4 Nxc3 45. Kxc3
Kd5 46. Kb4 e4 47. a4 Kd4 48. Ka5 Kxc5 49. Ka6 Kb4 50. a5 c5 51. Kxa7 Kxa5 {
Normal} 0-1

[Event "Rated Blitz game"]
[Site "?"]
[Date "2021.10.30"]
[Round "?"]
[White "SashaKuzhilniy"]
[Black "mehditarkibi"]
[Result "1-0"]
[WhiteElo "2411"]
[BlackElo "2403"]
[PlyCount "67"]
[EventDate "2021.??.??"]
[EventType "blitz"]

1. e4 e5 2. Nf3 d5 3. Nxe5 Nf6 4. exd5 Bd6 5. d4 O-O 6. Bd3 c5 7. O-O cxd4 8.
Nc4 Bxh2+ 9. Kxh2 Ng4+ 10. Kg1 Qh4 11. Bf4 Nd7 12. Bg3 Qh5 13. Nd6 Ndf6 14.
Nxc8 Raxc8 15. Nd2 Qxd5 16. Qf3 Qh5 17. Ne4 Nxe4 18. Bxe4 Rc5 19. Rfd1 f5 20.
Bd5+ Kh8 21. Rxd4 Qg6 22. Rxg4 Qxg4 23. Qxg4 fxg4 24. Bd6 Rxd5 25. Bxf8 Rd2 26.
Bb4 Rxc2 27. Bc3 h6 28. Rd1 Kg8 29. Rd7 g5 30. Rxb7 h5 31. Rg7+ Kf8 32. Rxg5
Kf7 33. Rxh5 a5 34. Rxa5 {Normal} 1-0

[Event "Rated Blitz game"]
[Site "?"]
[Date "2021.10.30"]
[Round "?"]
[White "SeriousChest"]
[Black "Annali-annaliew1979"]
[Result "1-0"]
[WhiteElo "2354"]
[BlackElo "2504"]
[PlyCount "83"]
[EventDate "2021.??.??"]
[EventType "blitz"]

1. e4 e5 2. Nf3 d5 3. exd5 e4 4. Qe2 f5 5. d3 Nf6 6. dxe4 fxe4 7. Nc3 Be7 8.
Nxe4 Nxe4 9. Qxe4 O-O 10. Bc4 Bb4+ 11. c3 Re8 12. Ne5 Bd6 13. f4 Nd7 14. O-O
Nf6 15. Qf3 Bf5 16. Bd2 a6 17. Rae1 b5 18. Bb3 Qc8 19. Kh1 a5 20. a4 h5 21. h3
Kh7 22. axb5 a4 23. Ba2 a3 24. b3 Qb7 25. c4 Qb6 26. Be3 Bc5 27. Bxc5 Qxc5 28.
Qe3 Qd6 29. Qf3 Qc5 30. g4 hxg4 31. hxg4 Rxe5 32. fxe5 Bxg4 33. Qd3+ g6 34.
exf6 Rh8 35. Kg2 Bf5 36. Rxf5 gxf5 37. Qxf5+ Kg8 38. Qe6+ Kf8 39. Qe7+ Qxe7 40.
Rxe7 Rh6 41. Rxc7 Rxf6 42. Ra7 {Normal} 1-0

[Event "Rated Blitz game"]
[Site "?"]
[Date "2021.10.30"]
[Round "?"]
[White "Glasauge72"]
[Black "Annali-annaliew1979"]
[Result "1-0"]
[WhiteElo "2519"]
[BlackElo "2484"]
[PlyCount "103"]
[EventDate "2021.??.??"]
[EventType "blitz"]

1. e4 e5 2. Nf3 d5 3. Nxe5 Qe7 4. d4 f6 5. Nf3 dxe4 6. Nfd2 f5 7. Bc4 Nf6 8.
O-O Be6 9. Bxe6 Qxe6 10. Re1 Bd6 11. f3 O-O 12. c3 e3 13. Qb3 Qxb3 14. Nxb3 f4
15. c4 c6 16. Nc3 Nbd7 17. Ne4 Bc7 18. Nbc5 Rae8 19. b3 b6 20. Nxd7 Nxd7 21.
Ba3 Rf5 22. Bd6 Bd8 23. g4 fxg3 24. Rxe3 gxh2+ 25. Bxh2 Ref8 26. Rf1 Nf6 27.
Nd6 Rg5+ 28. Kh1 Nh5 29. Ne4 Rg6 30. Rg1 Rxg1+ 31. Kxg1 h6 32. d5 cxd5 33. cxd5
b5 34. Kg2 Bb6 35. Re1 Rc8 36. Rd1 Rc2+ 37. Rd2 Rc8 38. d6 Be3 39. d7 Rd8 40.
Rd3 Bf4 41. Nc5 Kf7 42. Nb7 Bxh2 43. Kxh2 Ke7 44. Nxd8 Kxd8 45. Rd5 Nf6 46.
Rxb5 Kxd7 47. Rb7+ Ke6 48. Rxg7 a5 49. Ra7 Kf5 50. Rxa5+ Kf4 51. Kg2 h5 52. Rb5
{Normal} 1-0

[Event "Rated Blitz game"]
[Site "?"]
[Date "2021.10.30"]
[Round "?"]
[White "Speedkiller21"]
[Black "larsental3"]
[Result "1/2-1/2"]
[WhiteElo "2237"]
[BlackElo "2407"]
[PlyCount "113"]
[EventDate "2021.??.??"]
[EventType "blitz"]

1. e4 e5 2. Nf3 d5 3. Nc3 d4 4. Nb1 f6 5. Bc4 Nc6 6. d3 Bg4 7. Nbd2 Qd7 8. h3
Be6 9. Bb3 O-O-O 10. Nf1 g5 11. Ng3 h5 12. Bd2 Nge7 13. Qe2 Kb8 14. O-O-O Nc8
15. Kb1 Nd6 16. Bc1 Be7 17. h4 g4 18. Nh2 Rde8 19. f4 Bxb3 20. axb3 f5 21. fxe5
Nxe5 22. Nxf5 Nxf5 23. exf5 Qxf5 24. Rhf1 Qe6 25. Rde1 Bxh4 26. Bf4 Bxe1 27.
Rxe1 Nxd3 28. Qxe6 Rxe6 29. Bxc7+ Kxc7 30. Rxe6 Nf4 31. Re7+ Kd6 32. Rxb7 Nxg2
33. Rxa7 Ne3 34. b4 g3 35. Nf3 Rg8 36. Rh7 g2 37. Rxh5 g1=Q+ 38. Nxg1 Rxg1+ 39.
Ka2 Nxc2 40. Kb3 Ne3 41. b5 d3 42. Rh2 Nf1 43. Rh3 d2 44. Kc2 Kc5 45. Rb3 Kb6
46. Kd1 Rg2 47. Rf3 Ne3+ 48. Rxe3 Kxb5 49. Re2 Rg1+ 50. Kxd2 Kb4 51. Kc2 Rg3
52. Re4+ Kb5 53. b3 Rg2+ 54. Kc3 Rg3+ 55. Kc2 Rg2+ 56. Kc3 Rg3+ 57. Kc2 {Normal
} 1/2-1/2

[Event "Rated Blitz tournament agPQ4WBf"]
[Site "?"]
[Date "2021.10.30"]
[Round "?"]
[White "Landau96"]
[Black "barry-allen"]
[Result "1-0"]
[WhiteElo "2449"]
[BlackElo "2216"]
[PlyCount "29"]
[EventDate "2021.??.??"]
[EventType "blitz"]

1. e4 e5 2. Nf3 d5 3. Nxe5 Bd6 4. d4 dxe4 5. Nc4 Nf6 6. Nc3 O-O 7. Be2 Qe7 8.
Bg5 h6 9. Nd5 Qe6 10. Nxf6+ gxf6 11. Bxh6 Re8 12. Ne3 Nc6 13. Bg4 Qe7 14. Bxc8
Raxc8 15. Qg4+ {Normal} 1-0

[Event "Rated Blitz tournament FXodmVtT"]
[Site "?"]
[Date "2021.10.30"]
[Round "?"]
[White "Semenychev_Alexander"]
[Black "Amurskayakula11"]
[Result "0-1"]
[WhiteElo "2406"]
[BlackElo "2347"]
[PlyCount "142"]
[EventDate "2021.??.??"]
[EventType "blitz"]

1. e4 e5 2. Nf3 d5 3. exd5 e4 4. Ne5 Qxd5 5. d4 exd3 6. Nxd3 Nf6 7. Nc3 Qe6+ 8.
Be2 Bd6 9. O-O O-O 10. Bf3 Nc6 11. Re1 Qf5 12. Ne4 Rd8 13. Ng3 Qg6 14. Bd2 Bg4
15. Bxg4 Nxg4 16. Qf3 Nd4 17. Qd1 Qf6 18. Be3 Nxe3 19. Rxe3 Nf5 20. Rf3 Bxg3
21. hxg3 Qg6 22. Qc1 Nd4 23. Re3 Re8 24. Nf4 Qf5 25. Rxe8+ Rxe8 26. c3 Nc2 27.
Rb1 Re1+ 28. Qxe1 Nxe1 29. Rxe1 g5 30. Nh5 h6 31. g4 Qc2 32. Re8+ Kh7 33. Nf6+
Kg6 34. Nh5 f5 35. Re6+ Kf7 36. Rf6+ Ke7 37. Rxf5 Qd1+ 38. Kh2 Qxg4 39. Ng3 h5
40. Re5+ Kd6 41. Re4 Qd1 42. Rd4+ Qxd4 43. cxd4 Ke6 44. Ne4 Kf5 45. Nc3 g4 46.
g3 a6 47. Kg2 b6 48. a3 c5 49. f3 cxd4 50. Ne4 d3 51. Nd2 Ke5 52. Kf2 Kd4 53.
f4 b5 54. Nf1 a5 55. Nd2 b4 56. axb4 axb4 57. Nf1 Kc4 58. Nd2+ Kd4 59. Nf1 Ke4
60. Ne3 h4 61. gxh4 Kxf4 62. Ng2+ Ke4 63. h5 Kd4 64. Kg3 d2 65. Nf4 d1=Q 66.
Ne2+ Qxe2 67. Kh4 Qf3 68. Kg5 Qg3 69. Kh6 Qf3 70. Kh7 g3 71. Kh8 g2 {Time
forfeit} 0-1

[Event "Rated Blitz tournament agPQ4WBf"]
[Site "?"]
[Date "2021.10.30"]
[Round "?"]
[White "Paretsky_Mikhail"]
[Black "barry-allen"]
[Result "1-0"]
[WhiteElo "2403"]
[BlackElo "2223"]
[PlyCount "55"]
[EventDate "2021.??.??"]
[EventType "blitz"]

1. e4 e5 2. Nf3 d5 3. exd5 e4 4. Ne5 Qxd5 5. d4 exd3 6. Nxd3 Bd6 7. Nc3 Qe6+ 8.
Be3 Nf6 9. Qd2 O-O 10. O-O-O Nc6 11. Nc5 Bxc5 12. Bxc5 Rd8 13. Qe3 Rxd1+ 14.
Kxd1 Qxe3 15. Bxe3 Bg4+ 16. Kc1 Bf5 17. a3 Ng4 18. Nd1 Re8 19. h3 Nxe3 20. Nxe3
Nd4 21. Bc4 c6 22. Rd1 b5 23. Rxd4 bxc4 24. Nxf5 g6 25. Nd6 Rd8 26. Rd2 f5 27.
Nxc4 Re8 28. Kd1 {Normal} 1-0

[Event "Rated Blitz game"]
[Site "?"]
[Date "2021.10.30"]
[Round "?"]
[White "Kotti65"]
[Black "barry-allen"]
[Result "1-0"]
[WhiteElo "2420"]
[BlackElo "2213"]
[PlyCount "63"]
[EventDate "2021.??.??"]
[EventType "blitz"]

1. e4 e5 2. Nf3 d5 3. d4 dxe4 4. Nxe5 Bd6 5. Nc4 Nf6 6. Nc3 O-O 7. Be2 Bf5 8.
Bg5 Re8 9. Ne3 Bg6 10. h4 h6 11. Bxf6 Qxf6 12. h5 Bh7 13. Qd2 c6 14. O-O-O Nd7
15. Kb1 b5 16. Ng4 Qf4 17. Ne3 a5 18. g3 Qf6 19. Bg4 Nb6 20. d5 Nc4 21. Nxc4
bxc4 22. Rhe1 Bb4 23. Qd4 Bxc3 24. bxc3 Rab8+ 25. Ka1 Qxd4 26. Rxd4 e3 27. fxe3
Bxc2 28. Rc1 Bd3 29. dxc6 Rxe3 30. c7 Ra8 31. Rd8+ Kh7 32. Rxa8 {Normal} 1-0

[Event "Rated Blitz game"]
[Site "?"]
[Date "2021.10.30"]
[Round "?"]
[White "Sijavush"]
[Black "DOOGE228"]
[Result "0-1"]
[WhiteElo "2484"]
[BlackElo "2484"]
[PlyCount "36"]
[EventDate "2021.??.??"]
[EventType "blitz"]

1. e4 e5 2. Nf3 d5 3. exd5 e4 4. Qe2 Nf6 5. Nc3 Be7 6. Nxe4 O-O 7. d3 Re8 8.
Be3 Nxd5 9. O-O-O f5 10. Ned2 Nc6 11. g3 Ncb4 12. Kb1 Bf6 13. c4 f4 14. cxd5
Qxd5 15. Nc4 b5 16. gxf4 bxc4 17. dxc4 Qf5+ 18. Ka1 Nc2+ {Normal} 0-1

[Event "Rated Blitz game"]
[Site "?"]
[Date "2021.10.30"]
[Round "?"]
[White "Alya_BudiCM"]
[Black "Sdjordje12345_s"]
[Result "1-0"]
[WhiteElo "2401"]
[BlackElo "2346"]
[PlyCount "51"]
[EventDate "2021.??.??"]
[EventType "blitz"]

1. e4 e5 2. Nf3 d5 3. exd5 e4 4. Qe2 Nf6 5. d3 Bb4+ 6. c3 O-O 7. dxe4 Bc5 8.
Qc4 b6 9. Nbd2 Re8 10. b4 Bd6 11. Bd3 a5 12. b5 Nbd7 13. O-O Ng4 14. Qa4 Nde5
15. Qc2 Qf6 16. h3 Nxf3+ 17. Nxf3 Ne5 18. Nxe5 Qxe5 19. f4 Qh5 20. Rf3 Bc5+ 21.
Kh2 g5 22. fxg5 Re5 23. Bf4 Rxg5 24. Bxg5 Qxg5 25. Raf1 Bd6+ 26. Kh1 {Time
forfeit} 1-0

[Event "Rated Blitz game"]
[Site "?"]
[Date "2021.10.30"]
[Round "?"]
[White "elRope"]
[Black "khalid_ontawar"]
[Result "0-1"]
[WhiteElo "2479"]
[BlackElo "2437"]
[PlyCount "42"]
[EventDate "2021.??.??"]
[EventType "blitz"]

1. e4 e5 2. Nf3 d5 3. d4 dxe4 4. Nxe5 Be6 5. Nc3 Nf6 6. Bg5 Be7 7. f3 exf3 8.
Nxf3 O-O 9. Be2 Nd5 10. Bxe7 Qxe7 11. Nxd5 Bxd5 12. O-O Nc6 13. c4 Bxf3 14.
Rxf3 Rad8 15. d5 Qc5+ 16. Kh1 Nd4 17. Rh3 Nxe2 18. Qxe2 g6 19. Rf1 c6 20. Qd2
Qxc4 21. Qh6 Qxf1# {Normal} 0-1

[Event "Rated Blitz game"]
[Site "?"]
[Date "2021.10.30"]
[Round "?"]
[White "nmiq"]
[Black "alaeldin1212"]
[Result "1-0"]
[WhiteElo "2558"]
[BlackElo "2398"]
[PlyCount "89"]
[EventDate "2021.??.??"]
[EventType "blitz"]

1. e4 e5 2. Nf3 d5 3. exd5 e4 4. Qe2 Nf6 5. d3 Qxd5 6. Nbd2 Be7 7. Nxe4 O-O 8.
h3 Nc6 9. g4 Be6 10. Bg2 Nxe4 11. dxe4 Qa5+ 12. Bd2 Qb6 13. O-O Rfe8 14. b3
Rad8 15. Rad1 f6 16. a4 a5 17. Be3 Bc5 18. Bxc5 Qxc5 19. Rxd8 Rxd8 20. Rd1
Rxd1+ 21. Qxd1 Qd6 22. Qxd6 cxd6 23. Kf1 Nb4 24. Nd4 Kf7 25. Ke2 Nc6 26. Kd3 g5
27. Nxc6 bxc6 28. e5 dxe5 29. Bxc6 h5 30. f3 f5 31. gxh5 e4+ 32. fxe4 f4 33.
Ke2 Bxh3 34. h6 g4 35. b4 axb4 36. a5 g3 37. e5 Bg4+ 38. Kf1 f3 39. a6 f2 40.
a7 Bh3+ 41. Bg2 Be6 42. Ke2 Bc4+ 43. Ke3 Bd5 44. Bxd5+ Kg6 45. Bg2 {Normal} 1-0

[Event "Rated Blitz tournament vaURZw6X"]
[Site "?"]
[Date "2021.10.30"]
[Round "?"]
[White "Chesstomioka"]
[Black "dr_xStranger"]
[Result "0-1"]
[WhiteElo "2560"]
[BlackElo "2581"]
[PlyCount "36"]
[EventDate "2021.??.??"]
[EventType "blitz"]

1. e4 e5 2. Nf3 d5 3. Nxe5 Bd6 4. d4 dxe4 5. Nc4 Nf6 6. Nc3 O-O 7. Bg5 Re8 8.
Be2 Nc6 9. O-O Nxd4 10. Bxf6 Qxf6 11. Nd5 Nxe2+ 12. Qxe2 Qg5 13. Nxd6 cxd6 14.
Nc7 Bh3 15. f4 exf3 16. Qxf3 Qc5+ 17. Kh1 Bxg2+ 18. Kxg2 Qxc7 {Normal} 0-1

[Event "Rated Blitz game"]
[Site "?"]
[Date "2021.10.30"]
[Round "?"]
[White "safyahmad1265"]
[Black "Annali-annaliew1979"]
[Result "1-0"]
[WhiteElo "2494"]
[BlackElo "2486"]
[PlyCount "107"]
[EventDate "2021.??.??"]
[EventType "blitz"]

1. e4 e5 2. Nf3 d5 3. exd5 e4 4. Qe2 f5 5. d3 Nf6 6. dxe4 fxe4 7. c4 Bc5 8. Bg5
O-O 9. Nfd2 Bf5 10. Nc3 Nbd7 11. h3 Qe8 12. Be3 Bb4 13. g4 Bg6 14. Bg2 Ne5 15.
O-O Bxc3 16. bxc3 Nd3 17. Nb3 b6 18. Nd4 Qe5 19. f4 exf3 20. Rxf3 Rae8 21. Ne6
Qxc3 22. Raf1 Be4 23. Rxf6 Rxf6 24. Bxe4 Rxf1+ 25. Qxf1 Nc5 26. Bxc5 bxc5 27.
Bxh7+ Kxh7 28. Qf5+ Kh8 29. Qh5+ Kg8 30. Qxe8+ Kh7 31. Nf8+ Kg8 32. Ng6+ Kh7
33. Nh4 Qg3+ 34. Ng2 Qc3 35. Qe4+ Kh8 36. Nf4 Qa1+ 37. Kg2 Qxa2+ 38. Kg3 Qd2
39. Ng6+ Kh7 40. Ne5+ Kg8 41. Nf3 Qc1 42. g5 Kf7 43. g6+ Kf8 44. Qf5+ Ke7 45.
Qe6+ Kd8 46. Qg8+ Kd7 47. Qxg7+ Kc8 48. Qf8+ Kb7 49. g7 Qxc4 50. g8=Q Kb6 51.
Qb8+ Ka5 52. Qxc7+ Kb4 53. Qgb8+ Kc3 54. Qa5+ {Time forfeit} 1-0

[Event "Rated Blitz game"]
[Site "?"]
[Date "2021.10.30"]
[Round "?"]
[White "IamAvran"]
[Black "Annali-annaliew1979"]
[Result "0-1"]
[WhiteElo "2597"]
[BlackElo "2509"]
[PlyCount "34"]
[EventDate "2021.??.??"]
[EventType "blitz"]

1. e4 e5 2. Nf3 d5 3. Nxe5 Qe7 4. d4 f6 5. Qh5+ g6 6. Nxg6 Qxe4+ 7. Be2 Qxg6 8.
Qxd5 Ne7 9. Qf3 Nbc6 10. Be3 Bf5 11. Nc3 O-O-O 12. O-O Nb4 13. Bf4 Ned5 14.
Nxd5 Nxd5 15. Bg3 h5 16. h4 Be4 17. Qa3 Bxa3 {Normal} 0-1